| 000 | 00641cam a22002411 4500 | ||
|---|---|---|---|
| 001 | sa 68007934 | ||
| 003 | DLC | ||
| 005 | 20260227112526.0 | ||
| 008 | 890913s1967 ii 000 0 beno | ||
| 010 | _asa 68007934 | ||
| 035 | _a(OCoLC)20336275 | ||
| 040 |
_aDLC _cWaU _dDLC |
||
| 042 | _apremarc | ||
| 050 | 0 | 0 |
_aPN710 _b.D27 |
| 100 | 2 | _aDas Gupta, Surajit. | |
| 245 | 1 | 0 | _aDānte, Gyeṭe, Rabīndranātha. |
| 260 | _c[1967] | ||
| 300 |
_a128 p. _c20 cm. |
||
| 500 | _aIn Bengali. | ||
| 600 | 0 | 0 |
_aDante Alighieri, _d1265-1321. |
| 600 | 1 | 0 |
_aGoethe, Johann Wolfgang von, _d1749-1832. |
| 600 | 1 | 0 |
_aTagore, Rabindranath, _d1861-1941. |
| 999 |
_c82117 _d82117 |
||